| 000 | 004200000a22001690004500 | ||
|---|---|---|---|
| 003 | MACL | ||
| 005 | 20150729174602.0 | ||
| 008 | 150729b xxu||||| |||| 00| 0 eng d | ||
| 040 |
_aMACL _cMACL |
||
| 041 | _aEnglish | ||
| 082 | _a340/SAR | ||
| 100 |
_aSharan, Sarojini _93364 |
||
| 245 | _aInternational Court of Justice | ||
| 260 |
_bNew Age Publishers _c1971 _aNew Delhi |
||
| 650 |
_aLaw _93365 |
||
| 942 |
_cBK _k340 _2ddc |
||
| 999 |
_c7007 _d7007 |
||